| 000 | 02775nam0a2200469 4500 | ||
|---|---|---|---|
| 001 | RU\NLR\BIBL_A\011941953 | ||
| 005 | 20250809113125.0 | ||
| 020 |
_aRU _9Ленинград в Великой Отечественной войне. Коллекция. Афиши |
||
| 035 | _a(NLR Aleph) 011941953 | ||
| 090 |
_a65322 _c65322 |
||
| 100 | _a20190220d1943 u y0rusy50 ca | ||
| 101 | 0 | _arus | |
| 102 | _aRU | ||
| 105 | _ay z 000zy | ||
| 135 | _acrcn 024anaba | ||
| 200 | 1 |
_aЛитературный концерт юных чтецов, участников олимпиады детского творчества, Май 1943 г., 9 Воскресенье (утро) _e[афиша] _fУправление по делам искусств Исполкома Ленгорсовета, Зал камерных концертов |
|
| 210 |
_a[Ленинград] _cЛТ УН-9 _d1943 |
||
| 215 |
_a1 л. _d32х43 |
||
| 300 | _aНачало в 12 часов. Билеты продаются в кассе зала от 11 до 19 час. | ||
| 300 | _aЗак. 634 | ||
| 325 | _aКопия доступна в Электрон. б-ке РНБ | ||
| 327 | _aПрограмма: 1. Литомонтаж - "Отечественная война" - исполн. воспитанник 21 Детдома Моск. р-на; 2. Тютчев - "Весна" исп. уч. 319 школы Фрунз. р-на Саразеева; 3. Рывина - "МСТИ" - исп. уч. 237 школы Окт. р-на Ермолаева [и др.] | ||
| 606 | 1 |
_aТеатральная жизнь _yЛенинград, город _z1941 - 1944 _jАфиши _2nlr_sh2 _3RU\NLR\AUTH\6601649837 |
|
| 686 | 1 | _aЩ333(2Р=Рус)7-692Ленинград | |
| 712 | 0 | 2 |
_aЗал камерных концертов _cЛенинград _3RU\NLR\AUTH\880495405 _4570 |
| 852 |
_aNLR _jЛ3-330а/12/3/1943-май(2а) |
||
| 856 | 0 | _uhttp://vivaldi.nlr.ru/la700000128/view | |
| 856 | 1 | _uhttp://vivaldi.nlr.ru/la700000128/cover | |
| 856 | 2 | _uhttp://vivaldi.nlr.ru/la700000128/text | |
| 942 | _cVISUAL | ||
| 945 | _aРоссийская национальная библиотека | ||
| 980 | _aNB | ||
| 980 | _aBV | ||
| 980 | 3 | _akplen | |
| 980 | 3 | _akp | |
| 981 | 3 | 7 |
_a(37) Ленинград в Великой Отечественной войне _b(37) Афиши блокадного Ленинграда |